00350cam a2200157ua 45000010005000000080039000050400009000440410012000530820014000651000015000792450013000942600035001073000016001426530013001587000021001716756120119n1992 II |||gr||||Z||||||eng aMAIN aEnglish a531.3 DAS aDAS, B. C. aDYNAMICS aKOLKATAbU.N.DHAR & SONSc1992 a360:c22CM. aDynamics aMUKHERJEE, B. N.